| 000 | 00623nam a22001577a 4500 | ||
|---|---|---|---|
| 008 | 250214b |||||||| |||| 00| 0 eng d | ||
| 020 | _a9789937150455 | ||
| 082 |
_223rd _aNe895.49 _bPr421l |
||
| 100 | 1 |
_aप्रधान, अपर्णा _937281 |
|
| 241 | _aLohan dhya : chibakhan muna / Arpana Pradhan. | ||
| 245 |
_aल्वहं द्य : _bचिबाखं मुना / _cअपर्णा प्रधान. |
||
| 260 |
_aभक्तपुर : _bकुत:पिकाक, _c२०२२. |
||
| 300 | _axvii, 72p. | ||
| 650 |
_aनेवारी साहित्य _937164 |
||
| 942 |
_2ddc _cISBN |
||
| 999 |
_c120258 _d120246 |
||